000 00490nam a2200193Ia 4500
003 GCL
008 140319s9999 xx 000 0 eng d
040 _aGCL /
_cGCL
082 0 4 _a745
_bC A
100 1 _aCUMMING, ELIZABETH
245 1 0 _aTHE ARTS AND CRAFTS MOVEMENT /
_cCUMMING, ELIZABETH
700 1 _aKAPLAN, WENDY
260 _a[S.N] :
_bTHAMES AND HUDSON ،
_c1993
300 _a216
650 0 4 _aARTS
650 0 4 _aHISTORY AND CRITICISM
650 0 4 _aCRAFTS
942 _2ddc
_cBK
999 _c18788
_d18788